Statistiques concernant Mots de la langue française terminés par "raie"

Cliquez ici pour prendre le quiz!

Statistiques générales

  • Ce quiz a été pris 94 fois
  • Le résultat moyen est 6 sur 11

Statistiques - réponses

IndiceMot% Correct
poissonraie
98%
on écrit avec au tableau noircraie
98%
authentiquevraie
92%
chouetteeffraie
73%
pantalon antiquebraie
70%
on la sépare du bon grainivraie
57%
plantation de fleursroseraie
51%
endroit planté de noyersnoiseraie
36%
plantation de saulesoseraie
20%
plantation de noisetierscoudraie
11%
aigle de merorfraie
7%

Distribution des résultats

Percentile par nombre de réponses

% des personnes avec chaque résultat

Votre développement - résultats

Vous n’avez pas pris ce quiz